000 00804nam a2200253Ia 4500
003 OSt
005 20220927103924.0
006 a|||||r|||| 00| 0
007 ta
008 220926b |||||||| |||| 00| 0 eng d
024 _a96517
037 _cReference Collections
040 _aRTL
_cRTL
_beng
041 _2eng
_aeng
082 _a"X9(F191):90gf.58.N6, K6/UN"
110 _aInternational Labour Office
245 0 _aTechnological change and manpower in a centrally planned economy
260 _aGeneva
_bInternational Labour Office
_c1966
300 _a92p.
_ccm.
650 _aIron and Steel Industry
_9362150
700 _aInternational Labour Office
942 _h"X9(F191):90gf.58.N6, K6/UN"
_cCC
999 _c685116
_d685116